000 00363nam a2200157Ia 4500
008 221030s9999 xx 000 0 und d
041 _aEnglish
082 _a105.23
_bSha
100 _aB. N. Sharma
245 0 _aLanguage of Chemistry
260 _bMalhotra Brothers
_aJammu
_c1989
300 _a122
650 _aChemistry
700 _aK. B. Abrol
942 _cBK
999 _c194
_d194